| 000 | 00712nam a2200241 i 4500 | ||
|---|---|---|---|
| 001 | 8848 | ||
| 003 | ES-MaACL | ||
| 005 | 20230906145539.0 | ||
| 007 | t| | ||
| 008 | 921105s1988 sp ||||1| spa d | ||
| 020 | _a84-01-49107-X | ||
| 080 | _a82.0(73)-311.9"19" | ||
| 080 | _a82.0(73)(Cook,R.7 M.03=6) | ||
| 100 | 1 |
_aCook, Robin. _940353 |
|
| 245 | 1 | 3 |
_aLa Manipulación de las mentes / _cRobin Cook. |
| 250 | _a[1ª ed.]. | ||
| 260 |
_aEspluges de LLobregat, Barcelona : _bPlaza & Janés, _c1988. |
||
| 300 |
_a253 p. ; _c18 cm. |
||
| 490 | 1 |
_aLos jet de Plaza & Janes ; _v107 |
|
| 830 | 0 |
_aLos jet de Plaza & Janes ; _v107 _9184268 |
|
| 852 |
_aES-MaACL _jL-16247 _bR.111857 |
||
| 999 |
_c8848 _d8848 |
||